000 00875nas a2200277 i 4500
001 2034
003 ES-MaACL
005 20250728110708.0
007 t|
008 950801c1890 be | | 1 ||re d
080 _a493
245 0 0 _aRevue bénédictine.
260 _aPar St.-Gérard, Namur, Belgique :
_bAbbaye de Maredsous,
_c1890-
300 _a15 v. ;
_c24 cm.
310 _aTrimestral
362 0 _aAño I (1890)-
650 1 7 _aReligión
_2embne
_916797
655 7 _2tgfbne
_9226866
_aRevistas
710 0 0 _aAbbaye de Maredsous (
_cBélgica)
_91136
852 _aES-MaACL
_jHEM-H-12
_dOlim: HEM-1070
_cHEM
856 _uhttps://dialnet.unirioja.es/servlet/revista?codigo=18974
_ySumarios de la revista en Dianet
866 0 _o1922-1933(1934)1935(1936).
942 _2udc
_cPERIODICA
999 _c2034
_d2034